000 00591nam a2200205Ia 4500
003 OSt
005 20250515115051.0
008 220927b |||||||| |||| 00| 0 eng d
037 _cTextual
040 _aSDCL
_cSDCL
_beng
041 _2hin
_ahin
084 _aO152,3N16:g L5
100 _aVashishth, Damodar
_9400404
245 0 _aUpanyaskar :
_bAmrit Lal Naagar.
246 _aउपन्यासकार :
_bअमृतलाल नागर
260 _aKaithal :
_bMudit Prakashan,
_c1975.
300 _a180p.
942 _cTEXL
_2CC
_n0
999 _c716315
_d716315